000 00742nac a22002171u 4500
020 _a074942575x
082 _a658.312404
_bRAE
090 _c9537
_d9537
100 _aRae, Leslie.
245 _aUsing People Skills :
_bIn training and Development /
_cLeslie Rae.
260 _aLondon:
_bKogan Page,c.1998.
_cc.1998.
300 _a243p;
_c20cm.
500 _aDistributer: Al-Ahram.
511 _aCatalogued By; Mahitab.
650 _aActive learning.
650 _aAdult learning.
650 _aExperiential learning.
650 _aPersonnel Training
942 _cBB
_k658.312404RAE
999 _c9537
_d9537